[Event "Lisbon Simoes Memorial 3rd"]
[Site "Lisbon"]
[Date "2019.10.30"]
[Round "5"]
[White "Lucio, Jorge Manuel Rodrig"]
[Black "Sousa, Tadeu Filipe Leonar"]
[Result "1/2-1/2"]
[WhiteElo "1872"]
[BlackElo "1881"]
[PlyCount "33"]
[EventDate "2019.10.02"]
[EventType "swiss"]
[EventRounds "5"]
[EventCountry "POR"]
[SourceTitle "CBM 192 Extra"]
[Source "Chessbase"]
[SourceDate "2019.11.06"]
[SourceVersion "1"]
[SourceVersionDate "2019.11.06"]
[SourceQuality "1"]

1. d4 d5 2. c4 e6 3. Nc3 Be7 4. Nf3 Nf6 5. Bg5 Nbd7 6. e3 h6 7. Bh4 Ne4 8. Bxe7 Qxe7 9. cxd5 Nxc3 10. bxc3 exd5 11. Bd3 0-0 12. Qc2 Nf6 13. 0-0 b6 14. h3 Bb7 15. Ne5 Nd7 16. Nxd7 Qxd7 17. Bf5 1/2-1/2